|
|
|
|
| LEADER |
01946nam a2200301 a 4500 |
| 001 |
0020169 |
| 003 |
BD-DhAAL |
| 008 |
100425s1994 enka b 001 0 eng d |
| 010 |
|
|
|a 92016065
|
| 020 |
|
|
|a 0077074149
|
| 040 |
|
|
|a DLC
|c DLC
|d DLC
|d BD-DhAAL
|
| 082 |
0 |
0 |
|a 621.310684
|2 20
|
| 245 |
0 |
0 |
|a Modern power system planning /
|c edited by X. Wang, J.R. McDonald.
|
| 260 |
|
|
|a London ;
|a New York :
|b McGraw-Hill,
|c c1994.
|
| 300 |
|
|
|a xi, 465 p. :
|b ill. ;
|c 24 cm
|
| 504 |
|
|
|a Includes bibliographical references and indexes.
|
| 526 |
|
|
|a EEE
|x Md Sayeed Salam
Department of Electrical and Electronic Engineering
BRAC University
Course Name : Power System Planning (EEE 563)
|
| 541 |
1 |
|
|e 0020169
|a Trim Education
|
| 650 |
|
0 |
|a Electric power-plants
|x Planning.
|9 58927
|
| 650 |
|
0 |
|a Electric power systems
|x Planning.
|9 58928
|
| 700 |
1 |
|
|a Wang, X.
|q (Xifan),
|d 1936-
|9 58929
|
| 700 |
1 |
|
|a McDonald, J. R.
|q (James Rufus),
|d 1937-
|9 58930
|
| 852 |
4 |
|
|a Ayesha Abed Library
|c General Stacks
|
| 942 |
|
|
|2 ddc
|c BK
|
| 999 |
|
|
|c 8231
|d 8231
|
| 952 |
|
|
|0 0
|1 0
|2 ddc
|4 0
|6 621_310684000000000_MOD_1994
|7 0
|9 9439
|a BRACUL
|b BRACUL
|c GEN
|d 2010-04-25
|l 2
|m 4
|o 621.310684 MOD
|p 3010020169
|r 2017-05-31
|s 2017-05-26
|t 1
|w 2010-04-25
|y BK
|
| 952 |
|
|
|0 0
|1 0
|2 ddc
|4 0
|6 621_310684000000000_MOD_1994
|7 0
|9 10150
|a BRACUL
|b BRACUL
|c GEN
|d 2010-05-16
|e Trim Education
|g 30975.00
|l 1
|o 621.310684 MOD
|p 3010020224
|r 2025-09-02
|s 2025-08-26
|t 2
|v 61950.00
|w 2010-05-16
|y BK
|x Requisitioned by Md Sayeed Salam (Department of Electrical and Electronic Engineering, BRAC University) for the course named- "Power System Planning (EEE 563)"
|
| 952 |
|
|
|0 0
|1 0
|2 ddc
|4 0
|6 621_310684000000000_MOD_1994
|7 0
|9 10167
|a BRACUL
|b BRACUL
|c GEN
|d 2010-05-16
|e Trim Education
|g 30975.00
|l 3
|m 11
|o 621.310684 MOD
|p 3010020225
|r 2020-02-04
|s 2019-11-19
|t 3
|v 61950.00
|w 2010-05-16
|y BK
|x Requisitioned by Md Sayeed Salam (Department of Electrical and Electronic Engineering, BRAC University) for the course named- "Power System Planning (EEE 563)"
|